Hunter's Moon Lyrics-Ghost - Statistics

General Stats
  • This quiz has been taken 128 times
  • The average score is 160 of 176
Answer Stats
Answer % Correct
Hunt
100%
hunt
100%
hunter
100%
Moon
100%
the
100%
a
98%
for
98%
me
98%
time
98%
again
96%
back
96%
Back
96%
Hunter's
96%
It's
96%
it's
96%
my
96%
To
96%
to
96%
Tonight
96%
you
96%
friend
94%
I'm
94%
now
94%
been
91%
coming
91%
faded
91%
is
91%
long
91%
memories
89%
mind
89%
once
89%
strike
89%
They
89%
Though
89%
though
89%
children
87%
old
87%
where
87%
as
85%
come
85%
haunt
83%
hide
83%
in
83%
see
83%
jaded
81%
somewhat
79%
we'd
77%
And
74%
have
74%
dying
72%
cemetery
70%
last
68%
one
68%
sister
66%
together
66%
headstone
53%
Under
53%
No matching quizzes found
Score Distribution
Percent of People with Each Score
Percentile by Number Answered
Your Score History
You have not taken this quiz